00638nam a2200181Ia 4500008004100000100002200041245005800063245004700121260000900168300002500177440003000202650003600232650002100268650002500289650005100314999001900365952007200384170510s9999 xx 000 0 und d aRhorick B. Santos aFinancial benchmarking for Philippine Private schools cRhorick B. Santos, Fiel Aldous A. Evidente c2016 apages 57-68,December aSGEN Research Reviewv5:1 aFinancial performance benchmark aLiquidity ratios aProfitability ratios aPublicly listed private education institutions c329883d329883 001040aCLbCLd2017-05-10l0r2017-05-10 00:00:00w2017-05-10ySE